| Tag |
First Indicator |
Second Indicator |
Subfields |
| LEADER |
00000cam a22000004a 4500 |
| 001 |
in00004502721 |
| 005 |
20191203131734.0 |
| 008 |
060920s2007 paua 001 0 eng |
| 010 |
|
|
|a 2006031494
|
| 016 |
7 |
|
|a 101287938
|2 DNLM
|
| 020 |
|
|
|a 0781767016
|
| 020 |
|
|
|a 9780781767019
|
| 020 |
|
|
|z 9780781767019
|
| 029 |
1 |
|
|a NLM
|b 101287938
|
| 029 |
1 |
|
|a YDXCP
|b 2493373
|
| 035 |
|
|
|a (OCoLC)ocm71790058
|
| 035 |
|
|
|a (OCoLC)71790058
|
| 035 |
|
|
|z (UtOrBLW)42703
|
| 035 |
|
|
|a 60685
|
| 040 |
|
|
|a DNLM/DLC
|c DLC
|d YDX
|d NLM
|d BAKER
|d YDXCP
|d BTCTA
|d TMV
|d UtOrBLW
|
| 042 |
|
|
|a pcc
|
| 049 |
|
|
|a TMVM
|c 1
|
| 050 |
1 |
0 |
|a RC711
|b .W47 2007
|
| 060 |
0 |
0 |
|a 2007 B-783
|
| 060 |
1 |
0 |
|a WF 140
|b W518p 2007
|
| 082 |
0 |
0 |
|a 616.2/0047
|2 22
|
| 100 |
1 |
|
|a West, John B.
|q (John Burnard)
|
| 245 |
1 |
0 |
|a Pulmonary physiology and pathophysiology :
|b an integrated, case-based approach /
|c John B. West.
|
| 250 |
|
|
|a Second edition.
|
| 264 |
|
1 |
|a Philadelphia :
|b Wolters Kluwer Health/Lippincott Williams & Wilkins,
|c [2007]
|
| 264 |
|
4 |
|c ©2007
|
| 300 |
|
|
|a vii, 150 pages :
|b illustrations ;
|c 26 cm.
|
| 336 |
|
|
|a text
|2 rdacontent
|b txt
|
| 337 |
|
|
|a unmediated
|2 rdamedia
|
| 338 |
|
|
|a volume
|2 rdacarrier
|b nc
|
| 500 |
|
|
|a Includes index.
|
| 505 |
0 |
|
|a Normal physiology : exercise -- Normal physiology : hypoxia -- Chronic obstructive pulmonary disease -- Asthma -- Diffuse interstitial pulmonary fibrosis -- Pulmonary embolism -- Pulmonary edema -- Coal workers' pneumoconiosis -- Acute respiratory failure -- Other diseases
|
| 504 |
|
|
|a Includes bibliographical references and index.
|
| 650 |
|
0 |
|a Respiratory organs
|x Pathophysiology
|v Case studies.
|
| 650 |
|
0 |
|a Respiratory organs
|x Physiology
|v Case studies.
|
| 650 |
|
2 |
|a Respiratory System
|x physiopathology.
|
| 650 |
|
2 |
|a Respiratory Physiological Phenomena.
|
| 655 |
|
2 |
|a Case Reports.
|
| 948 |
|
|
|a Retention : keep latest ed. only per N.B, 05/07, L.F.
|
| 999 |
|
|
|a MARS
|
| 999 |
f |
f |
|s 2531dfe4-651c-3fcb-bcd3-870878f426b4
|i 7d1c82c6-76cb-38dd-bdd6-462f96c9b9ca
|t 0
|
| 952 |
f |
f |
|p ric
|a Texas A&M University
|b Rellis Campus
|c Joint Library Facility
|d Remote Storage
|t 0
|e WF 140 W518p 2007
|h National Library of Medicine classification
|i unmediated -- volume
|m 3238901936001
|
| 998 |
f |
f |
|a WF 140 W518p 2007
|t 0
|l Remote Storage
|